4201-松浦鉄道の駅 - Statistics

General Stats
  • This quiz has been taken 102 times
  • The average score is 33 of 57
Answer Stats
西九州線 % Correct
松浦
94%
佐世保
94%
たびら平戸口
88%
伊万里
82%
有田
81%
中佐世保
81%
北佐世保
79%
佐世保中央
79%
佐々
78%
松浦発電所前
76%
西田平
74%
大学
69%
東田平
68%
中田平
68%
西有田
65%
江迎鹿町
65%
福島口
60%
すえたちばな
59%
清峰高校前
59%
鷹島口
57%
左石
57%
泉福寺
57%
三代橋
56%
いのつき
56%
潜竜ヶ滝
56%
真申
56%
相浦
56%
上相浦
56%
蔵宿
54%
御厨
54%
山の田
54%
本山
53%
黒川
51%
夫婦石
51%
浦ノ崎
50%
調川
50%
西木場
50%
吉井
50%
神田
50%
皆瀬
50%
野中
50%
小浦
49%
東山代
47%
今福
47%
棚方
47%
中里
47%
楠久
44%
高岩
44%
金武
43%
43%
鳴石
43%
久原
43%
波瀬
41%
前浜
41%
川東
40%
大木
37%
山谷
32%
No matching quizzes found
Score Distribution
Percent of People with Each Score
Percentile by Number Answered
Your Score History
You have not taken this quiz